000 00505nam a2200181Ia 4500
005 20250317130632.0
008 008 250317s9999 xx 000 0 eng d
037 _aTextbook
040 _aFMSL
_beng
_cFMSL
041 _aeng
_2eng
084 _qFMSL
100 _aWhite B
_9745802
245 0 _aWomen's carreer development: A study of high flyers
260 _aOxford
_bOxford, Blackwell Publication
_c1992
300 _a252p
942 _cTB
999 _c1264619
_d1264619